| 000 | 00848nam a2200241 i 4500 | ||
|---|---|---|---|
| 005 | 20200104041555.0 | ||
| 008 | 920716s1991 enk b 001 0 eng | ||
| 020 | _a1853830747 | ||
| 040 |
_aDLC _cDLC _dCO-BoIAVH |
||
| 041 | 0 | _aeng | |
| 044 | _aenk | ||
| 082 | 0 | 4 |
_a333.7 _bV21v |
| 245 | 0 | 0 |
_aValuing the environment : _bsix case studies / _cedited by Jean-Philippe Barde and David W. Pearce. |
| 260 |
_aLondon : _bEarthscan Publications, _c1991. |
||
| 300 |
_a271 p. ; _c22 cm. |
||
| 504 | _aIncluye referencias bibliográficas e índice. | ||
| 650 | 1 | 4 |
_aPolítica ambiental _vCaso de estudio |
| 650 | 2 | 4 |
_aEconomía ambiental _vCaso de estudio |
| 650 | 2 | 4 | _aDesarrollo sostenible |
| 700 | 1 |
_aBarde, Jean-Philippe, _eeditor. |
|
| 700 | 1 |
_aPearce, David W. _q(David William), _eeditor. |
|
| 942 |
_2ddc _cINFORME |
||
| 999 |
_c5004 _d5004 |
||